| 000 | 00733nam a2200289Ia 4500 | ||
|---|---|---|---|
| 001 | Para_1904 | ||
| 003 | CHAP | ||
| 008 | 220125s1932 xx 000 0 und d | ||
| 010 | _a200384 | ||
| 040 | _cCHAP | ||
| 082 | _aPA 595.7 M4 | ||
| 100 |
_aMetcalf, C.L. _9165256 |
||
| 245 |
_aFundamentals of insect life / _c by C.L. Metcalf and W.P. Flint |
||
| 250 | _a5a. | ||
| 260 |
_aNew York : _b Mc.Graw Hill |
||
| 300 | _a581 p. | ||
| 650 |
_aEntomología _937113 |
||
| 650 |
_aInsectos _958888 |
||
| 700 |
_aFlint, W.P. _941292 |
||
| 901 | _aPA 595.7 M4 | ||
| 902 | _aA | ||
| 905 | _a0000001932 a 0000000000 00 | ||
| 910 | _a1932 | ||
| 942 | _cPARA | ||
| 942 |
_cPARA _d1 |
||
| 999 |
_c200384 _d200384 |
||